|
|
|
|
| LEADER |
00752 a2200193 4500 |
| 008 |
150103s9999 000 0 eng |
| 020 |
|
|
|a 0904383415
|
| 082 |
|
|
|a 947 TRO/HI
|
| 100 |
1 |
|
|a Trotsky, Leon,
|
| 245 |
0 |
4 |
|a The history of the Russian revolution-Vol.1/
|
| 260 |
|
|
|a London,
|b Pluto Press,
|c 1985
|
| 300 |
|
|
|a 3 v.
|
| 500 |
|
|
|a At head of title: Leon Trotsky.
|
| 505 |
0 |
|
|a I. The overthrow of tzarism.--II. The attempted counter-revolution.--III. The triumph of the soviets.
|
| 650 |
|
|
|a Russia-Revolution-History-Politics
|
| 700 |
1 |
|
|a Eastman, Max,
|
| 942 |
|
|
|c BK
|
| 999 |
|
|
|c 304652
|d 304652
|
| 952 |
|
|
|0 0
|1 0
|2 ddc
|4 0
|6 947_000000000000000_TRO_HI
|7 0
|9 349212
|a DRA
|b DRA
|c ST1
|d 2011-08-25
|i 4824
|l 1
|o 947 TRO/HI
|p DRA4824
|r 2013-11-26
|s 2013-11-06
|w 2011-08-25
|y BK
|